Statistics for 2023-24 Eredivisie teams

Click here to take the quiz!

General Stats

  • This quiz has been taken 3,132 times
    (1,031 since last reset)
  • The average score is 13 of 18

Answer Stats

Answer% Correct
AFC Ajax
100%
PSV Eindhoven
97%
Feyenoord
96%
AZ Alkmaar
85%
FC Utrecht
82%
FC Twente
81%
Sparta Rotterdam
79%
sc Heerenveen
71%
Vitesse
69%
PEC Zwolle
66%
Excelsior
62%
Go Ahead Eagles
62%
N.E.C.
62%
Almere City FC
60%
FC Volendam
58%
Heracles Almelo
58%
Fortuna Sittard
54%
RKC Waalwijk
52%

Score Distribution

Percentile by Number Answered

Percent of People with Each Score

Your Score History

You have not taken this quiz since the last reset